Sobre principios y normas

Detalles Bibliográficos
Autor principal: Prieto Sanchs̕, Luis
Formato: eBook
Lenguaje:español
Publicado: Lima: Palestra Editores, 2013
Materias:
Acceso en línea:Acceso restringido

MARC

LEADER 00000nam a22000007a 4500
005 20190827220646.0
007 cr|||| ||||
008 190827s2013 pe |||||s|||| 00||0 spa d
020 |a 978-612-4047-32-9 
035 |a 24217 
040 |a vLex 
090 |c 9293  |d 9293 
100 1 |a Prieto Sanchs̕, Luis 
245 1 0 |a Sobre principios y normas  |h [Recurso electrn̤ico] /  |c Luis Prieto Sanchs̕ 
256 |a Servicio en ln̕ea 
260 |a Lima:  |b Palestra Editores,  |c 2013 
300 |a 1 recurso electrn̤ico 
506 1 |a Disponible solo en los productos indicados  |d vLex Global  |d vLex Global (Academic Edition, excluding Law Schools)  |d vLex Global (U.S. Academic Edition, Law Schools)  |d vLex Global (U.S. Academic Edition, excluding Law Schools)  |d vLex Global (Academic Edition, Law Schools) 
650 0 4 |a Derecho Constitucional  |z Per︢ 
740 0 |a vLex Libros (Servicio en ln̕ea) 
856 4 0 |u http://vlex.com/source/principios-normas-24217  |z Acceso restringido 
942 |c BOOK 
999 0 |a Constitutional right